Search the Library Catalogue
| 000 -LEADER | |
|---|---|
| fixed length control field | 00530nam a2200193Ia 4500 |
| 008 - FIXED-LENGTH DATA ELEMENTS--GENERAL INFORMATION | |
| fixed length control field | 241212s9999 xx 000 0 und d |
| 020 ## - INTERNATIONAL STANDARD BOOK NUMBER | |
| ISBN | 9780226214290 |
| Paper back/Hardbound | pbk |
| 041 ## - LANGUAGE CODE | |
| Language code of text/sound track or separate title | eng |
| 082 ## - DEWEY DECIMAL CLASSIFICATION NUMBER | |
| Classification number | 306.85 |
| Item number | SAH |
| 100 ## - MAIN ENTRY--AUTHOR NAME | |
| Personal name | Sahlins, Marshall |
| 245 #0 - TITLE STATEMENT | |
| Title | What Kinship Is-And Is Not |
| 250 ## - EDITION STATEMENT | |
| Edition statement | 1st ed |
| 260 ## - PUBLICATION, DISTRIBUTION, ETC. (IMPRINT) | |
| Name of publisher | University Of Chicago Press, |
| Year of publication | 2013 |
| Place of publication | UK |
| 300 ## - PHYSICAL DESCRIPTION | |
| Number of Pages | 110 p |
| Dimensions | 21cm |
| 504 ## - BIBLIOGRAPHY, ETC. NOTE | |
| Bibliography, etc | Includes index |
| 650 ## - SUBJECT ADDED ENTRY--TOPICAL TERM | |
| Topical Term | Forskning og indsamling, Kinship ,antropologisk definition, |
| 942 ## - ADDED ENTRY ELEMENTS (KOHA) | |
| Koha item type | English Books |
| Withdrawn status | Lost status | Damaged status | Not for loan | Home library | Current library | Shelving location | Date acquired | Cost, normal purchase price | Full call number | Accession Number | Price effective from | Koha item type |
|---|---|---|---|---|---|---|---|---|---|---|---|---|
| Anna Centenary Library | Anna Centenary Library | 3RD FLOOR, B WING | 02.08.2024 | 1316.00 | 306.85 SAH;1 | 697271 | 02.08.2024 | English Books | ||||
| Anna Centenary Library | Anna Centenary Library | 3RD FLOOR, B WING | 02.08.2024 | 1316.00 | 306.85 SAH | 697270 | 02.08.2024 | Reference |